000 00455nam a2200181Ia 4500
008 090123s9999 xx 000 0 und d
082 _b19614
100 _aPANCHAL M.A.
245 _aTHE BOMBAY MONEY LENDERS ACT 1946
250 _a0
260 _bLAW BOOK CO.
300 _a165
600 _aPANCHAL M.A.
630 _aTHE BOMBAY MONEY LENDERS ACT 1946
700 _aPANCHAL M.A.
730 _aTHE BOMBAY MONEY LENDERS ACT 1946
942 _cBOOK
999 _c57682
_d57682